| Record ID | ia:newchaptersofhis00bismuoft |
| Source | Internet Archive |
| Download MARC XML | https://archive.org/download/newchaptersofhis00bismuoft/newchaptersofhis00bismuoft_marc.xml |
| Download MARC binary | https://www.archive.org/download/newchaptersofhis00bismuoft/newchaptersofhis00bismuoft_meta.mrc |
LEADER: 00788cam 22002290 4500
008 710324s1920 enk aeng |
035 $a(Sirsi) AEK-8553
035 $a163311
040 $aOTU$bENG
041 1 $aeng/bger
090 19 $aHG.B B6226g .Em$bROBA$c1
100 10 $aBismarck, Otto,$cFürst von,$d1815-1898.
245 10 $aNew chapters of his autobiography;$ctr. by Bernard Miall.
260 0 $aLondon,$bHoddoer$c[1920]
300 $a343 p.
503 $aTranslation of the author's Gedanken und Erinnerunge. Bd. 3 c.1919, pub. in 1921.
503 $aAmerican ed. has title The Kaiser vs. Bismarck.
600 10 $aBismarck, Otto,$cFürst von,$d1815-1898.
700 10 $aMiall, Bernard,
948 $a07/15/1992$b10/04/1997
596 $a26
926 $aROBARTS$bSTACKS$cHG.B B6226g .Em$dBOOK$f1